Food microorganisms / (Record no. 55369)
[ view plain ]
| 000 -LEADER | |
|---|---|
| fixed length control field | 01834nam a22003017a 4500 |
| 005 - DATE AND TIME OF LATEST TRANSACTION | |
| control field | 2011081205465.0 |
| 010 ## - LCCN (DPL NO) | |
| LC control number | ENG-103296 B-464581-585 |
| 020 ## - INTERNATIONAL STANDARD BOOK NUMBER | |
| Terms of availability | 650.00 |
| International Standard Book Number | 9788179102466 |
| 035 ## - SYSTEM CONTROL NUMBER | |
| System control number | EN-86829 B-464581-585 |
| 037 ## - SOURCE OF ACQUISITION | |
| Source of stock number/acquisition | DBAD/PUB |
| 037 ## - SOURCE OF ACQUISITION | |
| Source of stock number/acquisition | RBC/Ven |
| 082 ## - DEWEY DECIMAL CLASSIFICATION NUMBER | |
| Classification number | 664.001579 |
| 100 ## - MAIN ENTRY--PERSONAL NAME | |
| Personal name | Modi, H.A. |
| 245 ## - TITLE STATEMENT | |
| Title | Food microorganisms / |
| Statement of responsibility, etc | by H.A. Modi |
| 260 ## - PUBLICATION, DISTRIBUTION, ETC. (IMPRINT) | |
| Place of publication, distribution, etc | Jaipur |
| Name of publisher, distributor, etc | Aavishkar Publishers |
| Date of publication, distribution, etc | 2008 |
| 270 ## - ADDRESS | |
| Address | 807, Vyas Building, Chaura Rasta |
| City | Jaipur |
| Postal code | 302003 |
| 300 ## - PHYSICAL DESCRIPTION | |
| Extent | xv,200p. : |
| Dimensions | 23cm (Hb) |
| Other physical details | ill. |
| 500 ## - GENERAL NOTE | |
| General note | Includes bibliographical references |
| 700 ## - ADDED ENTRY--PERSONAL NAME | |
| 9 (RLIN) | 31640 |
| 942 ## - ADDED ENTRY ELEMENTS (KOHA) | |
| Source of classification or shelving scheme | Dewey Decimal Classification |
| Item type | English Books |
| Call number suffix | MOD |
| Classification part | 664.001579 |
| Withdrawn status | Lost status | Not for loan | Collection code | Home library | Current library | Date acquired | Source of acquisition | Cost, normal purchase price | Full call number | Barcode | Copy number | Cost, replacement price | Koha item type | Public note |
|---|---|---|---|---|---|---|---|---|---|---|---|---|---|---|
| Non-fiction | Bawana | Bawana | 22/06/2012 | RBC/27857/05.03.2012/26/18.01.2012/12.03.2012 | 650.00 | 664.001579 MOD | B-464584 | 1 | 650.00 | English Books | ||||
| Non-fiction | Central Library | Central Library | 22/06/2012 | RBC/27857/05.03.2012/26/18.01.2012/12.03.2012 | 650.00 | 664.001579 MOD | B-464581 | 1 | 650.00 | English Books | Legal Case (Register 2018) | |||
| Not For Loan | Non-fiction | D.B.Act.Division | D.B.Act.Division | 12/08/2011 | DBAD/PUB | 650.00 | 664.001579 MOD | EN-86829 | 1 | 650.00 | English Books | |||
| Non-fiction | Patel Nagar | Patel Nagar | 22/06/2012 | RBC/27857/05.03.2012/26/18.01.2012/12.03.2012 | 650.00 | 664.001579 MOD | B-464582 | 1 | 650.00 | English Books | ||||
| Non-fiction | Sarojini Nagar | Sarojini Nagar | 22/06/2012 | RBC/27857/05.03.2012/26/18.01.2012/12.03.2012 | 650.00 | 664.001579 MOD | B-464583 | 1 | 650.00 | English Books | ||||
| Non-fiction | Shahdara Branch | Shahdara Branch | 22/06/2012 | RBC/27857/05.03.2012/26/18.01.2012/12.03.2012 | 650.00 | 664.001579 MOD | B-464585 | 1 | 650.00 | English Books |
